Normal view
MARC view
Entry Personal Name
001 - CONTROL NUMBER
- control field: 8302
003 - CONTROL NUMBER IDENTIFIER
- control field: OSt
005 - DATE AND TIME OF LATEST TRANSACTION
- control field: 20160426145154.0
008 - FIXED-LENGTH DATA ELEMENTS
- fixed length control field: 160426|| aca||aabn | a|a d
040 ## - CATALOGING SOURCE
- Original cataloging agency: OSt
- Transcribing agency: OSt
100 ## - HEADING--PERSONAL NAME
- Personal name: Dressel, Martin,
- Dates associated with a name: 1960-
670 ## - SOURCE DATA FOUND
- Source citation: Work cat.: (OSt)3770: Dressel, Martin, 1960-, Electrodynamics of solids :, 2002.
